Organización de operaciones agropecuarias / (Record no. 217504)
[ view plain ]
| 000 -CABECERA | |
|---|---|
| campo de control de longitud fija | 00952 a2200253 4500 |
| 003 - IDENTIFICADOR DEL NÚMERO DE CONTROL | |
| campo de control | OSt |
| 005 - FECHA Y HORA DE LA ÚLTIMA TRANSACCIÓN | |
| campo de control | 20230527062636.0 |
| 008 - DATOS DE LONGITUD FIJA--INFORMACIÓN GENERAL | |
| campo de control de longitud fija | 220811b2021 mx ad||f |||| 001 0 spa d |
| 020 ## - NÚMERO INTERNACIONAL ESTÁNDAR DEL LIBRO | |
| Número Internacional Estándar del Libro | 9786071741059 |
| 040 ## - FUENTE DE LA CATALOGACIÓN | |
| Centro/agencia transcriptor | CHAP |
| 082 00 - NÚMERO DE LA CLASIFICACIÓN DECIMAL DEWEY | |
| Número de clasificación | 631.068 |
| Número de documento/Ítem | O68 2021 |
| Número de edición | 22 |
| 245 00 - MENCIÓN DE TÍTULO | |
| Título | Organización de operaciones agropecuarias / |
| Mención de responsabilidad, etc. | basado en el trabajo de Johan D. Berlijn; con la colaboración de Pieter M. Rijk.,...[y otros]. |
| 250 ## - MENCIÓN DE EDICIÓN | |
| Mención de edición | Quinta edición |
| 264 #1 - PRODUCCIÓN, PUBLICACIÓN, DISTRIBUCIÓN, FABRICACIÓN Y COPYRIGHT | |
| Producción, publicación, distribución, fabricación y copyright | México: |
| Nombre del de productor, editor, distribuidor, fabricante | Trillas, |
| Fecha de producción, publicación, distribución, fabricación o copyright | 2021. |
| 300 ## - DESCRIPCIÓN FÍSICA | |
| Extensión | 127 páginas |
| Otras características físicas | Ilustraciones, cuadros, gráficas |
| 490 1# - MENCIÓN DE SERIE | |
| Mención de serie | Manuales para educación agropecuaria. |
| Designación de volumen o secuencia | 50 |
| 504 ## - NOTA DE BIBLIOGRAFÍA, ETC. | |
| Nota de bibliografía, etc. | Incluye índice y bibliografía |
| 650 #2 - PUNTO DE ACCESO ADICIONAL DE MATERIA--TÉRMINO DE MATERIA | |
| 9 (RLIN) | 146124 |
| Término de materia o nombre geográfico como elemento de entrada | Maquinaria y equipamiento agrícola |
| 650 #0 - PUNTO DE ACCESO ADICIONAL DE MATERIA--TÉRMINO DE MATERIA | |
| 9 (RLIN) | 137437 |
| Término de materia o nombre geográfico como elemento de entrada | Administración agrícola |
| 700 1# - PUNTO DE ACCESO ADICIONAL--NOMBRE DE PERSONA | |
| Nombre de persona | Berlijn, Johan D. |
| 9 (RLIN) | 11826 |
| 700 1# - PUNTO DE ACCESO ADICIONAL--NOMBRE DE PERSONA | |
| 9 (RLIN) | 137267 |
| Nombre de persona | Rijk, Pieter M. |
| 830 #0 - PUNTO DE ACCESO ADICIONAL DE SERIE-TÍTULO UNIFORME | |
| 9 (RLIN) | 70688 |
| Título uniforme | Manuales para educación agropecuaria. |
| Nombre de parte o sección de la obra | Administración rural. |
| 942 ## - ELEMENTOS DE PUNTO DE ACCESO ADICIONAL (KOHA) | |
| Fuente del sistema de clasificación o colocación | Dewey Decimal Classification |
| Tipo de ítem Koha | Libro |
| Estado de retiro | Estado de pérdida | Fuente del sistema de clasificación o colocación | Estado dañado | Restricciones de uso | No para préstamo | Código de colección | Localización permanente | Ubicación/localización actual | Ubicación en estantería | Fecha de adquisición | Total de préstamos | Signatura topográfica completa | Código de barras | Fecha visto por última vez | Precio válido a partir de | Tipo de ítem Koha | Número de copia |
|---|---|---|---|---|---|---|---|---|---|---|---|---|---|---|---|---|---|
| Dewey Decimal Classification | Préstamo 15 días | General | Biblioteca Central | Biblioteca Central | Planta principal - Colección General | 14/04/2023 | 631.068 O68 2021 | 33724002567967 | 14/04/2023 | 14/04/2023 | Libro | ||||||
| Dewey Decimal Classification | Préstamo 15 días | General | Biblioteca Central | Biblioteca Central | Planta principal - Colección General | 14/04/2023 | 631.068 O68 2021 | 33724002567652 | 14/04/2023 | 14/04/2023 | Libro | c.2 |
